1574 1941 1411 1858 1990 1400 1250 1720 1953 1412 1661 1413 1514 1768 1921 1887 1423 1454 1426 1499 1571 1197 1613 1413 1857 1027 1024 1399 1820 1295 1859 1235 1008 1116 1001 1850 1514 1392 1965 1692 1630 1339 1159 1194 1906 1720 1671 1046 1645 1112 1778 1218 1009 1418 1416 1795 1830 1701 1872 1969 1383 1542 1644 1733 1751 1936 1808 1821 1764 1790 1349 1225 1718 1168 1821 1368 1825 1258 1499 1758 1837 1779 1846 1461 1838 1790 1835 1365 1942 1142 1670 1967 1420 1964 1216 1168 1414 1697 1546 BCNSPRNW ULIB Ver.6.0+V

เปลี่ยนเป็นภาษาไทย

Change to English
 แสดงรายละเอียดบรรณานุกรม
  กลับหน้าหลัก

Brief Record : Get Marc (ISO 2709) : E-mail record : QR code < ปิดหน้าต่าง
LEADER : 00000nam 2200000uu 4500
001    13399123028
003     ULIB
008    131128s2555||||th 000 0 tha d
020    ^a9786162142765
090    ^aนว^bพ187พ ล.25
100 0  ^aพนมเทียน
245 10 ^aเพชรพระอุมา: จอมพราน เล่ม 1/^cพนมเทียน
250    ^aพิมพ์รวมเล่มครั้งที่ 6
260    ^aกรุงเทพฯ :^bณ บ้านวรรณกรรม,^c2555
300    ^a339 หน้า
505 00 ^a^gล.1-4^tไพรมหากาฬ --^gล.5-8^tดงมรณะ -- ^gล.9-12^tจอมผีดิบมันตรัย -- ^gล.13-16^tอาถรรพณ์นิทรานคร -- ^gล.17-20^tป่าโลกล้านปี -- ^gล.21-24^tแงซายจอมจักรา -- ^gล.25-28^tจอมพราน -- ^gล.29-32^tไอ้งาดำ -- ^gล.33-36^tจิตรางคนางค์-- ^gล.37-40^tนาคเทวี -- ^gล.41-44^tแด่ปางบรรพ์ -- ^gล.45-48^tมงกุฎไพร
650  4 ^aนวนิยายไทย
945    ^p225^l0^i034229
999    ^aเกษร โพธิ์สุวรรณ
รายการนี้ยังไม่มีแท็ก
คุณยังไม่ได้ล็อกอิน คุณสามารถมีกิจกรรมร่วมกับเว็บไซต์ได้ แต่ต้องล็อกอินก่อน ::
  ล็อกอิน

รายการสื่อสารสนเทศ

ลำดับที่ ประเภท เลขเรียก/บาร์โค้ด สถานที่ สถานะ
1. นวนิยาย
นวนิยาย
นว พ187พ ล.25 ฉ.1 
  Barcode: 034229
ห้องสมุดวิทยาเขตสวรรค์ประชารักษ์
►นวนิยาย
บนชั้น
  ขอยืม

รายการใกล้เคียง
    ผู้แต่ง [พนมเทียน]

    หัวเรื่อง [นวนิยายไทย]

BibComment


ยังไม่เคยถูกคอมเมนท์

คอมเมนท์ทรัพยากรรายการนี้
  คอมเมนท์: เพชรพระอุมา จอมพ..


 Copyright 2026. Bcnsprnw @Library